Wszyscy Zwycięzcy MŚ - Statystyki

Ogólne statystyki
  • Ten quiz został rozwiązany 156 razy
  • Średni wynik to 21 z 22
Statystyki odpowiedzi
Podpowiedź Odpowiedź % Poprawnych
1978 Argentyna
99%
1986 Argentyna
99%
2022 Argentyna
99%
1998 Francja
99%
2018 Francja
99%
1958 Brazylia
98%
1962 Brazylia
98%
1970 Brazylia
98%
1994 Brazylia
98%
2002 Brazylia
98%
2010 Hiszpania
98%
1954 Niemcy
98%
1974 Niemcy
98%
1990 Niemcy
98%
2014 Niemcy
98%
1934 Włochy
95%
1938 Włochy
95%
1982 Włochy
95%
2006 Włochy
95%
1930 Urugwaj
92%
1950 Urugwaj
92%
1966 Anglia
86%
Nie znaleziono quizów pasujących do podanych kryteriów
Rozkład punktacji
Procent ludzi z każdym wynikiem
Percentyl według liczby udzielonych odpowiedzi
Twoja historia wyników
Nie rozwiązałeś tego quizu